Normal view
MARC view
Entry Personal Name
001 - CONTROL NUMBER
- control field: 1057271
003 - CONTROL NUMBER IDENTIFIER
- control field: OSt
005 - DATE AND TIME OF LATEST TRANSACTION
- control field: 20260121165904.0
008 - FIXED-LENGTH DATA ELEMENTS
- fixed length control field: 260121|| aca||aabn | a|a d
040 ## - CATALOGING SOURCE
- Original cataloging agency: OSt
- Transcribing agency: OSt
100 ## - HEADING--PERSONAL NAME
- Personal name: Anastasiya A Lipnevich, Franzis Preckel, Richard D. Roberts
670 ## - SOURCE DATA FOUND
- Source citation: Work cat.: (OSt)1622999: Anastasiya A Lipnevich, Franzis Preckel, Richard D. Roberts, Psychosocial Skills and School Systems in the 21st Century
